000 00508nam a2200121 4500
999 _c11194
_d11194
008 181016b ||||| |||| 00| 0 eng d
082 _aDPer 959.9048 P53p May 2013- April 2014 v. 22-23
245 _aPublic- private partnership:
_bshoulder-to-shoulder in building back better and empowering Yolanda survivors.
260 _aSan Miguel, Manila :
_bOP-Bureau of Communications Services,
_c©May 2013-©Apr 2014.
300 _av23 n1, pages 32-34;
_c23 cm.
650 0 _932253
_aPublic welfare.
942 _2ddc
_cPER